| 000 | 00362nam a2200145Ia 4500 | ||
|---|---|---|---|
| 005 | 20251222143304.0 | ||
| 008 | 251222s9999||||xx |||||||||||||| ||spa|| | ||
| 020 | _a84-7884-262-4 | ||
| 082 | _a370.196/C17 | ||
| 100 | _aCalvo Buezas, Tomás | ||
| 245 | 0 | _aLa Escuela ante La Inmigración y El Racismo: | |
| 250 | _a2a.ed. | ||
| 264 | _bPopular | ||
| 942 | _cLIB | ||
| 999 |
_c15438 _d15438 |
||